000 00702pam a2200253 a 4500
001 4732608
003 OSt
005 20160509164353.0
008 840619s1985 nyua b 001 0 eng
010 _a 84013132
020 _a0471884871
040 _aDLC
_cDLC
_dDLC
050 0 0 _aQA162
_b.D87 1985
082 0 0 _a512/.02
_219
100 1 _aDurbin, John R.
245 1 0 _aModern algebra :
_ban introduction /
_cJohn R. Durbin.
250 _a2nd ed.
260 _aNew York :
_bWiley,
_cc1985.
300 _axiv, 346 p. :
_bill. ;
_c26 cm.
504 _aIncludes bibliographies and index.
650 0 _aAlgebra, Abstract.
906 _a7
_bcbc
_corignew
_d1
_eocip
_f19
_gy-gencatlg
942 _2lcc
_cGEN
999 _c13498
_d13498